000 00590nam a2200217Ia 4500
003 OSt
005 20220926043746.0
006 a|||||r|||| 00| 0
007 ta
008 220923b |||||||| |||| 00| 0 eng d
037 _cGeneral Book
040 _aRTL
_cRTL
_beng
041 _2eng
_aeng
082 _aY1:451263y7, K0
100 _aKloosterboer W
_9342696
245 0 _aInvoluntary labour since the abolition of slacery
260 _c1960
650 _aSocial Crime
_9233199
942 _hY1:451263y7, K0
_cGB
_2CC
999 _c673113
_d673113